भारत के सुन्दर द्वीप / (Record no. 120798)

MARC details
000 -LEADER
fixed length control field 01164nam a22002657a 4500
005 - DATE AND TIME OF LATEST TRANSACTION
control field 20170124103203.0
010 ## - LIBRARY OF CONGRESS CONTROL NUMBER
LC control number A-698157
020 ## - INTERNATIONAL STANDARD BOOK NUMBER
Terms of availability 120.00
035 ## - SYSTEM CONTROL NUMBER
System control number A-698157
037 ## - SOURCE OF ACQUISITION
Source of stock number/acquisition Cen Lib/Ret
040 ## - CATALOGING SOURCE
Original cataloging agency DPL
Language of cataloging HN
082 ## - DEWEY DECIMAL CLASSIFICATION NUMBER
Classification number 915.4
Item number पांचाल
100 ## - MAIN ENTRY--PERSONAL NAME
Personal name पांचाल, परमानन्द
9 (RLIN) 92666
245 ## - TITLE STATEMENT
Title भारत के सुन्दर द्वीप /
Statement of responsibility, etc परमानन्द पांचाल
246 ## - VARYING FORM OF TITLE
Title proper/short title Bharat ke sundar dweep /
Remainder of title by Parmanad Panchal
260 ## - PUBLICATION, DISTRIBUTION, ETC. (IMPRINT)
Place of publication, distribution, etc नई दिल्ली
Name of publisher, distributor, etc अलंकार प्रकाशन
Date of publication, distribution, etc 1993
270 ## - ADDRESS
City नई दिल्ली
Address सुभाष मार्ग, दरियागंज
Postal code 110002
300 ## - PHYSICAL DESCRIPTION
Extent 199पृ.:
Dimensions 19सेमी(सजिल्द )
Other physical details सचित्र
500 ## - GENERAL NOTE
General note ग्रन्थ सूची शामिल
650 ## - SUBJECT ADDED ENTRY--TOPICAL TERM
Topical term or geographic name as entry element भूगोल -- द्वीप
General subdivision
Geographic subdivision
9 (RLIN) 92667
650 ## - SUBJECT ADDED ENTRY--TOPICAL TERM
Topical term or geographic name as entry element भूगोल -- द्वीप -- भारत
9 (RLIN) 43622
650 ## - SUBJECT ADDED ENTRY--TOPICAL TERM
Topical term or geographic name as entry element Geography - Island
9 (RLIN) 92668
650 ## - SUBJECT ADDED ENTRY--TOPICAL TERM
Topical term or geographic name as entry element Geography - Island - india
9 (RLIN) 92669
942 ## - ADDED ENTRY ELEMENTS (KOHA)
Source of classification or shelving scheme Dewey Decimal Classification
Koha item type Hindi Books
Classification part 915.4
Call number suffix पांचाल
Holdings
Withdrawn status Lost status Damaged status Not for loan Home library Current library Date acquired Source of acquisition Cost, normal purchase price Total Checkouts Full call number Barcode Date last seen Date checked out Copy number Cost, replacement price Price effective from Koha item type
        Central Library Central Library 28/09/2015 Cen Lib/Ret 120.00 1 915.4 पांचाल A-698157 08/11/2017 25/10/2017 1 120.00 28/09/2015 Hindi Books

© Delhi Public Library
Hit Counter
free hit counter